| 000 | 00650cam a22001931 4500 | ||
|---|---|---|---|
| 082 |
_a621.4021 _a621.01* _bHUT _cL-12, P-30 |
||
| 100 | 1 |
_aHutchinson, Francis William, _941760 |
|
| 245 | 1 | 0 | _aThermodynamics of heat-power systems. |
| 260 |
_aReading, Mass., _bAddison-Wesley Pub. Co., _c[1957] |
||
| 300 |
_a490 p. _billus. _c24 cm. |
||
| 526 |
_a0 _b0 _c0 _d621_402100000000000_HUT |
||
| 526 |
_a0 _b0 _c0 _d621_402100000000000_HUT |
||
| 526 |
_a0 _b0 _c0 _d621_402100000000000_HUT |
||
| 526 |
_a0 _b0 _c0 _d621_402100000000000_HUT |
||
| 526 |
_a0 _b0 _c0 _d621_402100000000000_HUT |
||
| 650 | 0 |
_aMCE _9379 |
|
| 650 | 0 |
_aThermodynamics _97134 |
|
| 942 |
_2ddc _cBK |
||
| 999 |
_c545803 _d545803 |
||